[Event "DEM U12 2024"]
[Site "Willingen GER"]
[Date "2024.05.21"]
[Round "4"]
[White "Heins, Simon"]
[Black "Franke, Moritz"]
[Result "1-0"]
[Termination "normal"]
[Board "17"]
[WhiteElo "1626"]
[BlackElo "1599"]
[WhiteClock "00:59:44"]
[BlackClock "01:19:12"]
[PlyCount "107"]
[WhiteFideId "34660194"]
[BlackFideId "34629475"]
[EventCountry "GER"]
[EventRounds "9"]
[EventType "swiss"]
[EventDate "2024.05.18"]

1. e4 {[%clk 01:30:59]} {[%emt 00:36:29]} c5 {[%clk 01:30:37]} {[%emt
00:00:23]} 2. Nf3 {[%clk 01:31:24]} {[%emt 00:00:06]} Nc6 {[%clk 01:30:37]}
{[%emt 00:00:30]} 3. d4 {[%clk 01:31:47]} {[%emt 00:00:06]} cxd4 {[%clk
01:30:49]} {[%emt 00:00:18]} 4. Nxd4 {[%clk 01:32:11]} {[%emt 00:00:06]} g6
{[%clk 01:31:02]} {[%emt 00:00:17]} 5. c4 {[%clk 01:32:35]} {[%emt 00:00:06]}
Bg7 {[%clk 01:31:24]} {[%emt 00:00:07]} 6. Be3 {[%clk 01:32:59]} {[%emt
00:00:06]} Nf6 {[%clk 01:31:45]} {[%emt 00:00:09]} 7. Nc3 {[%clk 01:33:23]}
{[%emt 00:00:06]} Ng4 {[%clk 01:32:01]} {[%emt 00:00:14]} 8. Qxg4 {[%clk
01:33:48]} {[%emt 00:00:06]} Nxd4 {[%clk 01:32:16]} {[%emt 00:00:15]} 9. Qd1
{[%clk 01:34:12]} {[%emt 00:00:06]} e5 {[%clk 01:32:36]} {[%emt 00:00:09]} 10.
Be2 {[%clk 01:30:45]} {[%emt 00:03:57]} O-O {[%clk 01:31:53]} {[%emt 00:01:13]}
11. O-O {[%clk 01:30:08]} {[%emt 00:01:07]} d6 {[%clk 01:30:19]} {[%emt
00:01:59]} 12. Qd2 {[%clk 01:28:10]} {[%emt 00:02:33]} Be6 {[%clk 01:28:19]}
{[%emt 00:02:30]} 13. Rfd1 {[%clk 01:26:56]} {[%emt 00:01:44]} Qc7 {[%clk
01:27:43]} {[%emt 00:01:06]} 14. Bxd4 {[%clk 01:21:13]} {[%emt 00:06:13]} exd4
{[%clk 01:27:34]} {[%emt 00:00:39]} 15. Nb5 {[%clk 01:20:12]} {[%emt 00:01:31]}
Qc5 {[%clk 01:26:09]} {[%emt 00:01:54]} 16. Rac1 {[%clk 01:15:43]} {[%emt
00:05:00]} a6 {[%clk 01:21:48]} {[%emt 00:04:51]} 17. Nxd4 {[%clk 01:15:05]}
{[%emt 00:01:08]} Bxd4 {[%clk 01:20:32]} {[%emt 00:01:47]} 18. Qxd4 {[%clk
01:15:28]} {[%emt 00:00:07]} Rfd8 {[%clk 01:19:41]} {[%emt 00:01:16]} 19. Rc2
{[%clk 01:13:19]} {[%emt 00:02:43]} Rac8 {[%clk 01:18:16]} {[%emt 00:01:56]}
20. b3 {[%clk 01:10:05]} {[%emt 00:03:44]} Qxd4 {[%clk 01:17:45]} {[%emt
00:01:01]} 21. Rxd4 {[%clk 01:10:31]} {[%emt 00:00:02]} Rd7 {[%clk 01:18:01]}
{[%emt 00:00:15]} 22. Rcd2 {[%clk 01:10:48]} {[%emt 00:00:13]} Rcd8 {[%clk
01:18:20]} {[%emt 00:00:11]} 23. g4 {[%clk 01:08:49]} {[%emt 00:02:29]} Kg7
{[%clk 01:18:32]} {[%emt 00:00:18]} 24. f4 {[%clk 01:09:12]} {[%emt 00:00:08]}
f5 {[%clk 01:18:17]} {[%emt 00:00:45]} 25. gxf5 {[%clk 01:08:50]} {[%emt
00:00:52]} gxf5 {[%clk 01:18:40]} {[%emt 00:00:07]} 26. exf5 {[%clk 01:08:48]}
{[%emt 00:00:32]} Bxf5 {[%clk 01:19:00]} {[%emt 00:00:10]} 27. Kf2 {[%clk
01:07:06]} {[%emt 00:02:11]} Kf6 {[%clk 01:18:35]} {[%emt 00:00:54]} 28. Bf3
{[%clk 01:07:02]} {[%emt 00:00:35]} h6 {[%clk 01:16:11]} {[%emt 00:02:54]} 29.
Be4 {[%clk 00:58:45]} {[%emt 00:08:48]} Bxe4 {[%clk 01:15:50]} {[%emt
00:00:51]} 30. Rxe4 {[%clk 00:59:11]} {[%emt 00:00:04]} Kf5 {[%clk 01:15:57]}
{[%emt 00:00:22]} 31. Red4 {[%clk 00:59:29]} {[%emt 00:00:12]} Ke6 {[%clk
01:15:47]} {[%emt 00:00:41]} 32. Kf3 {[%clk 00:59:31]} {[%emt 00:00:28]} Rf7
{[%clk 01:16:03]} {[%emt 00:00:13]} 33. Re2+ {[%clk 00:59:35]} {[%emt
00:00:26]} Kf6 {[%clk 01:16:06]} {[%emt 00:00:27]} 34. Rde4 {[%clk 00:57:14]}
{[%emt 00:02:51]} d5 {[%clk 01:15:19]} {[%emt 00:01:17]} 35. Re6+ {[%clk
00:56:43]} {[%emt 00:01:01]} Kg7 {[%clk 01:15:01]} {[%emt 00:00:48]} 36. Rg2+
{[%clk 00:55:05]} {[%emt 00:02:08]} Kf8 {[%clk 01:14:07]} {[%emt 00:01:24]} 37.
Rxh6 {[%clk 00:54:49]} {[%emt 00:00:46]} d4 {[%clk 01:14:23]} {[%emt 00:00:14]}
38. Rh8+ {[%clk 00:55:14]} {[%emt 00:00:05]} Ke7 {[%clk 01:14:45]} {[%emt
00:00:07]} 39. Rxd8 {[%clk 00:55:16]} {[%emt 00:00:28]} Kxd8 {[%clk 01:15:12]}
{[%emt 00:00:04]} 40. Rd2 {[%clk 00:55:40]} {[%emt 00:00:07]} Rd7 {[%clk
01:15:32]} {[%emt 00:00:10]} 41. Ke4 {[%clk 00:56:06]} {[%emt 00:00:05]} Kc7
{[%clk 01:15:24]} {[%emt 00:00:37]} 42. Rxd4 {[%clk 00:56:30]} {[%emt
00:00:06]} Re7+ {[%clk 01:15:50]} {[%emt 00:00:04]} 43. Kf3 {[%clk 00:56:48]}
{[%emt 00:00:11]} Kc6 {[%clk 01:16:02]} {[%emt 00:00:19]} 44. Rd5 {[%clk
00:56:27]} {[%emt 00:00:51]} b5 {[%clk 01:16:17]} {[%emt 00:00:15]} 45. Re5
{[%clk 00:56:45]} {[%emt 00:00:12]} Rd7 {[%clk 01:16:38]} {[%emt 00:00:09]} 46.
cxb5+ {[%clk 00:57:09]} {[%emt 00:00:06]} axb5 {[%clk 01:17:04]} {[%emt
00:00:05]} 47. f5 {[%clk 00:57:24]} {[%emt 00:00:14]} Kd6 {[%clk 01:17:05]}
{[%emt 00:00:29]} 48. Rxb5 {[%clk 00:57:48]} {[%emt 00:00:06]} Kc6 {[%clk
01:17:27]} {[%emt 00:00:08]} 49. a4 {[%clk 00:58:07]} {[%emt 00:00:11]} Rd3+
{[%clk 01:17:51]} {[%emt 00:00:06]} 50. Kg4 {[%clk 00:58:19]} {[%emt 00:00:18]}
Rd2 {[%clk 01:18:10]} {[%emt 00:00:12]} 51. h4 {[%clk 00:58:42]} {[%emt
00:00:07]} Rd6 {[%clk 01:18:33]} {[%emt 00:00:07]} 52. Re5 {[%clk 00:59:02]}
{[%emt 00:00:11]} Rd4+ {[%clk 01:18:54]} {[%emt 00:00:08]} 53. Kg5 {[%clk
00:59:27]} {[%emt 00:00:05]} Kd6 {[%clk 01:19:12]} {[%emt 00:00:12]} 54. Re3
{[%clk 00:59:44]} {[%emt 00:00:12]} 1-0

[Event "DEM U12 2024"]
[Site "Willingen GER"]
[Date "2024.05.21"]
[Round "4"]
[White "Wagener, Nicolas"]
[Black "Heitmann, Erik"]
[Result "1/2-1/2"]
[Termination "normal"]
[Board "19"]
[WhiteElo "1714"]
[BlackElo "1648"]
[WhiteClock "00:19:38"]
[BlackClock "00:35:27"]
[PlyCount "94"]
[WhiteFideId "34607935"]
[BlackFideId "34608940"]
[EventCountry "GER"]
[EventRounds "9"]
[EventType "swiss"]
[EventDate "2024.05.18"]

1. e4 {[%clk 01:30:58]} d5 {[%clk 01:30:37]} {[%emt 00:00:24]} 2. exd5 {[%clk
01:31:22]} {[%emt 00:00:06]} Qxd5 {[%clk 01:30:58]} {[%emt 00:00:08]} 3. Nc3
{[%clk 01:31:47]} {[%emt 00:00:06]} Qa5 {[%clk 01:31:19]} {[%emt 00:00:07]} 4.
d4 {[%clk 01:32:11]} {[%emt 00:00:06]} c6 {[%clk 01:31:32]} {[%emt 00:00:17]}
5. Nf3 {[%clk 01:32:20]} {[%emt 00:00:21]} Bf5 {[%clk 01:29:01]} {[%emt
00:03:01]} 6. d5 {[%clk 01:31:34]} {[%emt 00:01:16]} e6 {[%clk 01:26:46]}
{[%emt 00:02:44]} 7. d6 {[%clk 01:28:48]} {[%emt 00:03:15]} Qb4 {[%clk
01:26:18]} {[%emt 00:01:00]} 8. Bg5 {[%clk 01:21:46]} {[%emt 00:07:30]} h6
{[%clk 01:24:32]} {[%emt 00:02:19]} 9. Ne5 {[%clk 01:20:09]} {[%emt 00:02:07]}
Bxd6 {[%clk 01:14:37]} {[%emt 00:10:26]} 10. Nc4 {[%clk 01:18:30]} {[%emt
00:02:06]} Bc7 {[%clk 01:12:03]} {[%emt 00:03:06]} 11. a3 {[%clk 01:07:20]}
{[%emt 00:11:40]} Qf8 {[%clk 01:11:04]} {[%emt 00:01:30]} 12. Bh4 {[%clk
00:53:13]} {[%emt 00:14:37]} Nd7 {[%clk 01:09:43]} {[%emt 00:01:51]} 13. Bd3
{[%clk 00:41:46]} {[%emt 00:11:56]} Ngf6 {[%clk 01:07:07]} {[%emt 00:03:07]}
14. Bxf5 {[%clk 00:41:26]} {[%emt 00:00:50]} exf5 {[%clk 01:07:21]} {[%emt
00:00:17]} 15. Bxf6 {[%clk 00:41:00]} {[%emt 00:00:56]} gxf6 {[%clk 01:06:55]}
{[%emt 00:00:55]} 16. Qd3 {[%clk 00:38:39]} {[%emt 00:02:51]} Qg7 {[%clk
01:04:45]} {[%emt 00:02:38]} 17. O-O {[%clk 00:33:55]} {[%emt 00:05:17]} O-O-O
{[%clk 00:56:02]} {[%emt 00:09:14]} 18. Qxf5 {[%clk 00:31:49]} {[%emt
00:02:35]} Rhg8 {[%clk 00:55:57]} {[%emt 00:00:35]} 19. g3 {[%clk 00:32:00]}
{[%emt 00:00:19]} Qg6 {[%clk 00:54:42]} {[%emt 00:01:44]} 20. Qxg6 {[%clk
00:29:56]} {[%emt 00:02:35]} fxg6 {[%clk 00:54:51]} {[%emt 00:00:21]} 21. Ne4
{[%clk 00:30:10]} {[%emt 00:00:15]} Ne5 {[%clk 00:53:41]} {[%emt 00:01:41]} 22.
Nxe5 {[%clk 00:28:53]} {[%emt 00:01:48]} Bxe5 {[%clk 00:53:19]} {[%emt
00:00:52]} 23. c3 {[%clk 00:29:11]} {[%emt 00:00:12]} f5 {[%clk 00:53:39]}
{[%emt 00:00:09]} 24. Nc5 {[%clk 00:28:33]} {[%emt 00:01:08]} Rd2 {[%clk
00:52:33]} {[%emt 00:01:34]} 25. Rab1 {[%clk 00:28:16]} {[%emt 00:00:48]} Bd6
{[%clk 00:51:54]} {[%emt 00:01:09]} 26. Nb3 {[%clk 00:28:18]} {[%emt 00:00:28]}
Re2 {[%clk 00:49:50]} {[%emt 00:02:33]} 27. Rfe1 {[%clk 00:28:18]} {[%emt
00:00:31]} Rge8 {[%clk 00:49:31]} {[%emt 00:00:49]} 28. Kf1 {[%clk 00:27:33]}
{[%emt 00:01:16]} Rxe1+ {[%clk 00:49:35]} {[%emt 00:00:25]} 29. Rxe1 {[%clk
00:27:54]} {[%emt 00:00:09]} Rxe1+ {[%clk 00:49:07]} {[%emt 00:00:59]} 30. Kxe1
{[%clk 00:28:20]} {[%emt 00:00:05]} c5 {[%clk 00:49:29]} {[%emt 00:00:08]} 31.
Ke2 {[%clk 00:27:36]} {[%emt 00:01:13]} Kd7 {[%clk 00:49:32]} {[%emt 00:00:26]}
32. h4 {[%clk 00:27:28]} {[%emt 00:00:39]} Ke6 {[%clk 00:49:12]} {[%emt
00:00:49]} 33. Na5 {[%clk 00:26:00]} {[%emt 00:01:57]} b6 {[%clk 00:48:50]}
{[%emt 00:00:54]} 34. Nc4 {[%clk 00:26:14]} {[%emt 00:00:16]} Bc7 {[%clk
00:48:25]} {[%emt 00:00:55]} 35. Ne3 {[%clk 00:25:25]} {[%emt 00:01:18]} h5
{[%clk 00:48:09]} {[%emt 00:00:47]} 36. c4 {[%clk 00:23:20]} {[%emt 00:02:35]}
Be5 {[%clk 00:46:48]} {[%emt 00:01:49]} 37. b3 {[%clk 00:22:57]} {[%emt
00:00:55]} Bb2 {[%clk 00:44:41]} {[%emt 00:02:36]} 38. a4 {[%clk 00:23:17]}
{[%emt 00:00:11]} Bd4 {[%clk 00:41:42]} {[%emt 00:03:29]} 39. Nd5 {[%clk
00:22:22]} {[%emt 00:01:24]} Be5 {[%clk 00:38:01]} {[%emt 00:04:11]} 40. f4
{[%clk 00:19:38]} {[%emt 00:03:13]} Bf6 {[%clk 00:35:27]} {[%emt 00:03:05]} 41.
Nc7+ Kf7 42. Nb5 a5 43. Kf3 Bd8 44. Na3 Bf6 45. Nc2 Bd8 46. Ne1 Bc7 47. Nd3 Kf6
1/2-1/2

[Event "DEM U12 2024"]
[Site "Willingen GER"]
[Date "2024.05.21"]
[Round "4"]
[White "Obermair, Hannes"]
[Black "Leonhardt, Max"]
[Result "0-1"]
[Termination "normal"]
[Board "20"]
[WhiteElo "1670"]
[BlackElo "1694"]
[WhiteClock "00:20:58"]
[BlackClock "00:16:51"]
[PlyCount "110"]
[WhiteFideId "34640509"]
[BlackFideId "34623647"]
[EventCountry "GER"]
[EventRounds "9"]
[EventType "swiss"]
[EventDate "2024.05.18"]

1. c4 {[%clk 01:30:58]} {[%emt 00:00:01]} e6 {[%clk 01:30:52]} {[%emt
00:00:08]} 2. Nc3 {[%clk 01:31:15]} {[%emt 00:00:13]} d5 {[%clk 01:31:15]}
{[%emt 00:00:06]} 3. d4 {[%clk 01:31:05]} {[%emt 00:00:40]} c6 {[%clk
01:31:19]} {[%emt 00:00:26]} 4. Nf3 {[%clk 01:30:55]} {[%emt 00:00:40]} Bd6
{[%clk 01:31:35]} {[%emt 00:00:15]} 5. h3 {[%clk 01:30:13]} {[%emt 00:01:13]}
h6 {[%clk 01:31:52]} {[%emt 00:00:13]} 6. e3 {[%clk 01:30:04]} {[%emt
00:00:39]} Nf6 {[%clk 01:31:58]} {[%emt 00:00:24]} 7. Bd3 {[%clk 01:30:02]}
{[%emt 00:00:31]} Nbd7 {[%clk 01:32:11]} {[%emt 00:00:17]} 8. O-O {[%clk
01:30:02]} {[%emt 00:00:31]} O-O {[%clk 01:32:20]} {[%emt 00:00:21]} 9. Bd2
{[%clk 01:29:22]} {[%emt 00:01:10]} Re8 {[%clk 01:31:54]} {[%emt 00:00:55]} 10.
Qc2 {[%clk 01:27:28]} {[%emt 00:02:25]} Bb8 {[%clk 01:30:12]} {[%emt 00:02:10]}
11. Rac1 {[%clk 01:23:19]} {[%emt 00:04:41]} Qc7 {[%clk 01:20:49]} {[%emt
00:09:41]} 12. cxd5 {[%clk 01:19:49]} {[%emt 00:04:11]} exd5 {[%clk 01:21:10]}
{[%emt 00:00:10]} 13. Nb5 {[%clk 01:16:26]} {[%emt 00:03:53]} Qd8 {[%clk
01:20:40]} {[%emt 00:00:56]} 14. Nc3 {[%clk 01:13:39]} {[%emt 00:03:22]} Nf8
{[%clk 01:20:03]} {[%emt 00:01:06]} 15. Qb3 {[%clk 01:09:27]} {[%emt 00:04:42]}
Ne6 {[%clk 01:16:46]} {[%emt 00:03:47]} 16. Ne2 {[%clk 00:59:51]} {[%emt
00:10:05]} Qc7 {[%clk 01:11:08]} {[%emt 00:06:08]} 17. Ng3 {[%clk 00:54:16]}
{[%emt 00:06:03]} Ng5 {[%clk 01:10:20]} {[%emt 00:01:21]} 18. Nxg5 {[%clk
00:51:59]} {[%emt 00:02:46]} hxg5 {[%clk 01:10:45]} {[%emt 00:00:06]} 19. Qd1
{[%clk 00:50:46]} {[%emt 00:01:42]} g6 {[%clk 01:09:19]} {[%emt 00:01:56]} 20.
Qf3 {[%clk 00:45:00]} {[%emt 00:06:17]} Nh5 {[%clk 01:08:35]} {[%emt 00:01:14]}
21. Bb4 {[%clk 00:38:15]} {[%emt 00:07:15]} Nxg3 {[%clk 01:06:31]} {[%emt
00:02:34]} 22. fxg3 {[%clk 00:38:24]} {[%emt 00:00:21]} f5 {[%clk 01:06:42]}
{[%emt 00:00:18]} 23. g4 {[%clk 00:34:11]} {[%emt 00:04:44]} Qh2+ {[%clk
00:43:51]} {[%emt 00:23:20]} 24. Kf2 {[%clk 00:34:20]} {[%emt 00:00:23]} fxg4
{[%clk 00:43:55]} {[%emt 00:00:26]} 25. hxg4 {[%clk 00:32:58]} {[%emt
00:01:52]} Qh4+ {[%clk 00:44:07]} {[%emt 00:00:14]} 26. g3 {[%clk 00:29:19]}
{[%emt 00:04:12]} Qh2+ {[%clk 00:43:07]} {[%emt 00:01:27]} 27. Ke1 {[%clk
00:28:12]} {[%emt 00:01:40]} Qxg3+ {[%clk 00:42:17]} {[%emt 00:01:21]} 28. Qxg3
{[%clk 00:27:19]} {[%emt 00:01:23]} Bxg3+ {[%clk 00:42:40]} {[%emt 00:00:06]}
29. Kd2 {[%clk 00:26:58]} {[%emt 00:00:50]} Bxg4 {[%clk 00:19:45]} {[%emt
00:23:26]} 30. Bxg6 {[%clk 00:25:26]} {[%emt 00:02:02]} Bh4 {[%clk 00:16:26]}
{[%emt 00:03:46]} 31. Bxe8 {[%clk 00:24:35]} {[%emt 00:01:24]} Rxe8 {[%clk
00:16:51]} {[%emt 00:00:06]} 32. Rf6 {[%clk 00:24:06]} {[%emt 00:00:57]} Bh3
{[%emt 00:04:23]} 33. Rh1 {[%clk 00:20:58]} g4 34. Rh6 Bf2 35. Rf6 Bxe3+ 36.
Kd3 Kg7 37. Rd6 Re4 38. Rd7+ Kg6 39. Rxb7 Bxd4 40. Bc3 Bb6 41. Re1 Bg2 42. Rxe4
dxe4+ 43. Ke2 Bf3+ 44. Kf1 Kg5 45. Be1 e3 46. Kg1 Bd5 47. Rg7+ Kf4 48. b3 Kf3
49. Kh2 Ke2 50. Bg3 Bf3 51. Rd7 Kf1 52. a3 e2 53. Bh4 Bg2 54. Kg3 e1=Q+ 55. Kf4
Qxh4 0-1

[Event "DEM U12 2024"]
[Site "Willingen GER"]
[Date "2024.05.22"]
[Round "5"]
[White "Li, Yunqi"]
[Black "Zhang, Yibo"]
[Result "1/2-1/2"]
[Termination "normal"]
[Board "2"]
[WhiteElo "1940"]
[BlackElo "1990"]
[WhiteClock "00:32:04"]
[BlackClock "00:07:30"]
[PlyCount "98"]
[WhiteFideId "34610618"]
[BlackFideId "16287657"]
[EventCountry "GER"]
[EventRounds "9"]
[EventType "swiss"]
[EventDate "2024.05.18"]

1. d4 {[%clk 01:30:57]} {[%emt 00:00:02]} d5 {[%clk 01:30:44]} {[%emt
00:00:15]} 2. c4 {[%clk 01:31:21]} {[%emt 00:00:07]} e6 {[%clk 01:31:07]}
{[%emt 00:00:08]} 3. Nc3 {[%clk 01:31:45]} {[%emt 00:00:06]} c6 {[%clk
01:31:24]} {[%emt 00:00:13]} 4. e3 {[%clk 01:32:09]} {[%emt 00:00:06]} Bd6
{[%clk 01:31:11]} {[%emt 00:00:42]} 5. Nf3 {[%clk 01:32:14]} {[%emt 00:00:25]}
f5 {[%clk 01:31:16]} {[%emt 00:00:26]} 6. Ne5 {[%clk 01:27:55]} {[%emt
00:04:49]} Nf6 {[%clk 01:31:07]} {[%emt 00:00:38]} 7. Qc2 {[%clk 01:24:04]}
{[%emt 00:04:21]} O-O {[%clk 01:27:15]} {[%emt 00:04:22]} 8. Bd3 {[%clk
01:21:22]} {[%emt 00:03:12]} Nbd7 {[%clk 01:20:08]} {[%emt 00:07:38]} 9. f4
{[%clk 01:20:14]} {[%emt 00:01:37]} Ne4 {[%clk 01:17:25]} {[%emt 00:03:13]} 10.
O-O {[%clk 01:20:31]} {[%emt 00:00:12]} Ndf6 {[%clk 01:01:47]} {[%emt
00:16:08]} 11. Bd2 {[%clk 01:20:18]} {[%emt 00:00:44]} Qe8 {[%clk 00:58:39]}
{[%emt 00:03:38]} 12. Be2 {[%clk 01:19:45]} {[%emt 00:01:04]} b6 {[%clk
00:55:20]} {[%emt 00:03:49]} 13. b3 {[%clk 01:17:50]} {[%emt 00:02:24]} Bb7
{[%clk 00:54:07]} {[%emt 00:01:43]} 14. Bf3 {[%clk 01:13:04]} {[%emt 00:05:16]}
Rc8 {[%clk 00:52:04]} {[%emt 00:02:34]} 15. Nxe4 {[%clk 01:11:42]} {[%emt
00:01:51]} Nxe4 {[%clk 00:50:47]} {[%emt 00:01:48]} 16. Bc1 {[%clk 01:09:23]}
{[%emt 00:02:49]} Qe7 {[%clk 00:44:48]} {[%emt 00:06:28]} 17. Bb2 {[%clk
01:09:28]} {[%emt 00:00:25]} c5 {[%clk 00:43:02]} {[%emt 00:02:16]} 18. Rac1
{[%clk 01:03:23]} {[%emt 00:06:36]} cxd4 {[%clk 00:39:45]} {[%emt 00:03:46]}
19. exd4 {[%clk 00:58:29]} {[%emt 00:05:24]} dxc4 {[%clk 00:23:47]} {[%emt
00:16:28]} 20. bxc4 {[%clk 00:58:32]} {[%emt 00:00:28]} Nf6 {[%clk 00:23:06]}
{[%emt 00:01:10]} 21. Qe2 {[%clk 00:52:38]} {[%emt 00:06:23]} Bxf3 {[%clk
00:19:36]} {[%emt 00:04:01]} 22. Qxf3 {[%clk 00:51:33]} {[%emt 00:01:34]} Ne4
{[%clk 00:19:55]} {[%emt 00:00:12]} 23. Rfd1 {[%clk 00:50:56]} {[%emt
00:01:06]} Rfd8 {[%clk 00:16:11]} {[%emt 00:04:15]} 24. h3 {[%clk 00:49:02]}
{[%emt 00:02:24]} Qh4 {[%clk 00:13:50]} {[%emt 00:02:51]} 25. Bc3 {[%clk
00:42:36]} {[%emt 00:06:56]} Bxe5 {[%clk 00:06:47]} {[%emt 00:07:33]} 26. fxe5
{[%clk 00:42:11]} {[%emt 00:00:55]} Qe7 {[%clk 00:06:33]} {[%emt 00:00:44]} 27.
Bb2 {[%clk 00:39:17]} {[%emt 00:03:25]} Qb7 {[%clk 00:05:17]} {[%emt 00:01:46]}
28. Qb3 {[%clk 00:37:00]} {[%emt 00:02:46]} h6 {[%clk 00:05:18]} {[%emt
00:00:29]} 29. a4 {[%clk 00:34:28]} {[%emt 00:03:02]} Rc6 {[%clk 00:04:21]}
{[%emt 00:01:27]} 30. d5 {[%clk 00:18:39]} {[%emt 00:16:19]} exd5 {[%clk
00:02:22]} {[%emt 00:02:30]} 31. cxd5 {[%clk 00:18:47]} {[%emt 00:00:21]} Rxc1
{[%clk 00:02:04]} {[%emt 00:00:47]} 32. Bxc1 {[%clk 00:19:09]} {[%emt
00:00:09]} Kh8 {[%clk 00:02:14]} {[%emt 00:00:20]} 33. Bb2 {[%clk 00:17:53]}
{[%emt 00:01:46]} Qe7 {[%clk 00:01:07]} {[%emt 00:01:37]} 34. d6 {[%clk
00:17:54]} {[%emt 00:00:29]} Qh4 {[%clk 00:01:06]} {[%emt 00:00:31]} 35. Qf3
{[%clk 00:17:59]} {[%emt 00:00:25]} Qg5 {[%clk 00:00:36]} {[%emt 00:01:00]} 36.
Ba3 {[%clk 00:15:55]} {[%emt 00:02:34]} Qg6 {[%clk 00:00:51]} {[%emt 00:00:15]}
37. d7 {[%clk 00:15:52]} {[%emt 00:00:33]} Qe6 {[%clk 00:01:00]} {[%emt
00:00:21]} 38. Qd3 {[%clk 00:10:14]} {[%emt 00:06:07]} Qxe5 {[%clk 00:01:19]}
{[%emt 00:00:12]} 39. Rc1 {[%clk 00:09:16]} {[%emt 00:01:27]} Nc5 {[%clk
00:01:03]} {[%emt 00:00:47]} 40. Bxc5 {[%clk 00:09:00]} {[%emt 00:00:46]} bxc5
{[%clk 00:01:23]} {[%emt 00:00:10]} 41. Rd1 {[%clk 00:08:08]} {[%emt 00:01:21]}
f4 {[%clk 00:19:12]} {[%emt 00:12:42]} 42. Kh1 {[%clk 00:38:08]} {[%emt
00:00:30]} Qe6 {[%clk 00:17:59]} {[%emt 00:01:44]} 43. Qb5 {[%clk 00:37:42]}
{[%emt 00:00:56]} f3 {[%clk 00:17:26]} {[%emt 00:01:02]} 44. Qxc5 {[%clk
00:37:09]} {[%emt 00:01:03]} fxg2+ {[%clk 00:16:50]} {[%emt 00:01:06]} 45. Kh2
{[%clk 00:36:32]} {[%emt 00:01:07]} Qe2 {[%clk 00:16:52]} {[%emt 00:00:28]} 46.
Rg1 {[%clk 00:36:29]} {[%emt 00:00:32]} Qe6 {[%clk 00:10:28]} {[%emt 00:06:55]}
47. Rd1 {[%clk 00:33:15]} {[%emt 00:03:44]} g1=Q+ {[%clk 00:07:46]} {[%emt
00:03:12]} 48. Kxg1 {[%clk 00:33:21]} {[%emt 00:00:24]} Qxh3 {[%clk 00:08:06]}
{[%emt 00:00:10]} 49. Qe7 {[%clk 00:32:04]} {[%emt 00:01:47]} Qg3+ {[%clk
00:07:30]} {[%emt 00:01:05]} 1/2-1/2